00744naa a2200145 i 45000010005000000030009000050050017000140080039000310400029000701000094000992450082001936500030002757000089003057730204003949918KOSZ 00520180411151155.0180411s1981 pl f f |000 0 pol cKOSZ 005/HRaKOSZ 005/HR aSOBOLEWSKI, Edward.d1978 - 1982bWyższa Szkoła Inżynierska - Instytut Budowy Maszyn10aPomiary natężenia przepływu płynów /cEdward Sobolewski, Jerzy Baran. 0aTermodynamika techniczna. aBARAN, Jerzy.d1978 - 1982.bWyższa Szkoła Inżynierska - Instytut Budowy Maszyn0 iW :tMateriały pomocnicze do ćwiczeń laboratoryjnych z podstaw techniki cieplnej / pod red. Mariana Czapp. - dKoszalin : Wydaw. Uczelniane Wyższej Szkoły Inżynierskiej, 1981. -gs. 355-437